<?xml version='1.0' encoding='UTF-8'?>
  <record xmlns="http://www.loc.gov/MARC21/slim">
    <leader>00000cam a22000007i 4500</leader>
    <controlfield tag="001">ocm67833706</controlfield>
    <controlfield tag="003">OCoLC</controlfield>
    <controlfield tag="005">20250427142733.5</controlfield>
    <controlfield tag="008">990406s1592    xx            000 0 ger d</controlfield>
    <datafield tag="040" ind1=" " ind2=" ">
      <subfield code="a">NLGGC</subfield>
      <subfield code="b">dut</subfield>
      <subfield code="e">fobidrtb</subfield>
      <subfield code="c">NLGGC</subfield>
      <subfield code="d">OCLCL</subfield>
      <subfield code="d">OCLCQ</subfield>
    </datafield>
    <datafield tag="029" ind1="0" ind2=" ">
      <subfield code="a">NLGGC</subfield>
      <subfield code="b">181669773</subfield>
    </datafield>
    <datafield tag="035" ind1=" " ind2=" ">
      <subfield code="a">(OCoLC)67833706</subfield>
    </datafield>
    <datafield tag="100" ind1="1" ind2=" ">
      <subfield code="a">Richard,</subfield>
      <subfield code="d">1521-1598.</subfield>
    </datafield>
    <datafield tag="245" ind1="1" ind2="0">
      <subfield code="a">Aussschreiben dess durchleuchtigsten hochgebornen Fürsten und Herren, Herrn Reicharts Pfaltzgraffen bey Rhein ... :</subfield>
      <subfield code="b">darinn er sich beschwert, dass ohn sein Vorwissen und ihm zu Nachtheil an etlichen Orten un der Churf. Pfaltz durch unruhiger Leuth Anstifftung, Lehenhuldigung und andere Pflicht eingenommen ... /</subfield>
      <subfield code="c">hierbey wirdt auch auss der Güldenen Bull und andern Keyserlichen Constitutionen Grund seines Fürnemens von Wort zu Wort eingeführet.</subfield>
    </datafield>
    <datafield tag="260" ind1=" " ind2=" ">
      <subfield code="a">[S.l.],</subfield>
      <subfield code="c">1592.</subfield>
    </datafield>
    <datafield tag="300" ind1=" " ind2=" ">
      <subfield code="a">[11] p. ;</subfield>
      <subfield code="c">in-4.</subfield>
    </datafield>
    <datafield tag="336" ind1=" " ind2=" ">
      <subfield code="a">tekst</subfield>
      <subfield code="b">txt</subfield>
      <subfield code="2">rdacontent/dut</subfield>
    </datafield>
    <datafield tag="337" ind1=" " ind2=" ">
      <subfield code="a">zonder medium</subfield>
      <subfield code="b">n</subfield>
      <subfield code="2">rdamedia/dut</subfield>
    </datafield>
    <datafield tag="338" ind1=" " ind2=" ">
      <subfield code="a">band</subfield>
      <subfield code="b">nc</subfield>
      <subfield code="2">rdacarrier/dut</subfield>
    </datafield>
    <datafield tag="510" ind1="0" ind2=" ">
      <subfield code="a">VD 16.1 niet</subfield>
    </datafield>
    <datafield tag="758" ind1=" " ind2=" ">
      <subfield code="a">Aussschreiben dess durchleuchtigsten hochgebornen Fürsten und Herren, Herrn Reicharts Pfaltzgraffen bey Rhein (Text)</subfield>
      <subfield code="1">https://id.oclc.org/worldcat/entity/E39PCY6tFhhrjP4rXkt3jTRD4q</subfield>
      <subfield code="4">https://id.oclc.org/worldcat/ontology/hasWork</subfield>
    </datafield>
    <datafield tag="936" ind1=" " ind2=" ">
      <subfield code="a">BATCHLOAD</subfield>
    </datafield>
  </record>